| 000 | 00548nam a22001697a 4500 | ||
|---|---|---|---|
| 003 | CEME | ||
| 005 | 20210628210609.0 | ||
| 008 | 210210b xxu||||| |||| 00| 0 eng d | ||
| 040 | _c. | ||
| 082 | _a363.7 BOT | ||
| 100 |
_aBotkin, Daniel.B Keller, Edward.A _980112 |
||
| 245 | _aEnvironmental science earth as a living planet | ||
| 260 |
_aNEW YORK _bJOHN WILEY _c1998 |
||
| 300 | _a660P | ||
| 650 |
_aENVIRONMENTAL SCIENCES ENVIRONMENTAL SCIENCE-CASE STUDIES HUMAN ECOLOGY BIOLOGICAL DEVERSITY SUSTAINABLE DEVELOPMENT _980113 |
||
| 942 |
_cBK _2ddc |
||
| 999 |
_c585076 _d585076 |
||